|
|
|
|
| LEADER |
01685nam a2200301 a 4500 |
| 001 |
2502665 |
| 008 |
090507r20051993ii ab b 001 0 eng d |
| 010 |
|
|
|a 92002361
|
| 020 |
|
|
|a 8129701413
|
| 040 |
|
|
|a DLC
|c DLC
|d DLC
|d DB-DhAAL
|
| 082 |
0 |
0 |
|a 621.382/54
|2 20
|
| 100 |
1 |
|
|a Pritchard, Wilbur L.
|
| 245 |
1 |
0 |
|a Satellite communication systems engineering /
|c Wilbur L. Pritchard, Henri G. Suyderhoud, Robert A. Nelson.
|
| 250 |
|
|
|a 2nd ed.
|
| 260 |
|
|
|a New Delhi, India :
|b Pearson education,
|c 2005 (reprinted).
|
| 300 |
|
|
|a 567 p. :
|b ill., maps ;
|c 25 cm.
|
| 504 |
|
|
|a Includes bibliographical references and index.
|
| 541 |
1 |
|
|e 00013856
|
| 650 |
|
0 |
|a Artificial satellites in telecommunication
|x Systems engineering.
|
| 700 |
1 |
|
|a Suyderhoud, Henri G.
|
| 700 |
1 |
|
|a Nelson, Robert A.
|
| 852 |
4 |
|
|a Ayesha Abed Library
|j General Shelf.
|
| 999 |
|
|
|c 8955
|d 8955
|
| 952 |
|
|
|0 0
|1 0
|2 ddc
|4 0
|6 621_382540000000000_PRI_2005
|7 0
|9 11014
|a BRACUL
|b BRACUL
|c GEN
|d 2010-06-15
|l 0
|o 621.38254 PRI
|p 3010013856
|r 2010-06-15
|t 1
|w 2010-06-15
|y BK
|
| 952 |
|
|
|0 0
|1 0
|2 ddc
|4 0
|6 621_382540000000000_PRI_2005
|7 0
|9 11015
|a BRACUL
|b BRACUL
|c GEN
|d 2010-06-15
|l 0
|o 621.38254 PRI
|p 3010013857
|r 2010-06-15
|t 2
|w 2010-06-15
|y BK
|
| 952 |
|
|
|0 0
|1 0
|2 ddc
|4 0
|6 621_382000000000000_54_PRI_2005
|7 0
|9 11016
|a BRACUL
|b BRACUL
|c GEN
|d 2010-06-15
|l 0
|o 621.38254 PRI
|p 3010013859
|r 2010-06-15
|t 3
|w 2010-06-15
|y BK
|
| 952 |
|
|
|0 0
|1 0
|2 ddc
|4 0
|6 621_382540000000000_PRI_2005
|7 0
|9 11361
|a BRACUL
|b BRACUL
|c GEN
|d 2010-06-30
|l 1
|m 26
|o 621.38254 PRI
|p 3010013858
|r 2018-01-02
|s 2017-07-10
|t 4
|w 2010-06-30
|y BK
|
| 952 |
|
|
|0 0
|1 0
|2 ddc
|4 0
|6 621_382540000000000_PRI_2005
|7 0
|9 14546
|a BRACUL
|b BRACUL
|c GEN
|d 2011-03-05
|l 0
|o 621.38254 PRI
|p 3010013860
|r 2011-03-05
|t 5
|w 2011-03-05
|y BK
|